| 000 | 00364 a2200133 4500 | ||
|---|---|---|---|
| 003 | Nust | ||
| 005 | 20170207162130.0 | ||
| 040 | _cNust | ||
| 082 | _a799 | ||
| 245 |
_aCourse Dinner-MCC-49,Photgraphs 2013 Soft Copy _cMCS |
||
| 260 |
_aRawalpindi _bMCS _c18-12-2013 |
||
| 650 | _aPictures of Course Dinner MCC-49,Photgraphs 2013, (CD-NO 23,Vol-VI) | ||
| 651 | _aSweet Memories-MCS | ||
| 942 | _cBK | ||
| 999 |
_c205601 _d205601 |
||